Complexity and sustainability /

Bibliographic Details
Main Author: Wells, Jennifer, 1969-
Format: Book
Language:English
Published: London ; New York : Routledge, 2013.
Series:Routledge studies in ecological economics ; 26.
Subjects:

MARC

Tag First Indicator Second Indicator Subfields
LEADER 00000cam a2200000 a 4500
001 in00002781657
005 20150922121455.0
008 120316s2013 enk b 001 0 eng
010 |a  2012010806 
020 |a 9780415695770 (hb) 
020 |a 0415695775 (hb) 
020 |a 9780203095676 (eb) 
020 |a 0203095677 (eb) 
035 |a (OCoLC)ocn738351500 
040 |a DLC  |c DLC  |d UtOrBLW 
049 |a TXAM 
050 0 0 |a Q175.32.C65  |b W45 2013 
082 0 0 |a 003  |2 23 
100 1 |a Wells, Jennifer,  |d 1969- 
245 1 0 |a Complexity and sustainability /  |c Jennifer Wells. 
264 1 |a London ;  |a New York :  |b Routledge,  |c 2013. 
300 |a xiii, 350 pages ;  |c 24 cm. 
336 |a text  |b txt  |2 rdacontent 
337 |a unmediated  |b n  |2 rdamedia 
338 |a volume  |b nc  |2 rdacarrier 
490 1 |a Routledge studies in ecological economics ;  |v 26 
504 |a Includes bibliographical references and index. 
505 0 |a Introduction -- Elucidating complexity theories -- Complexity in the natural sciences -- Complexity in social theory -- Towards transdisciplinarity -- Complexity in philosophy: complexification and the limits to knowledge -- Complexity in ethics -- Earth in the anthropocene -- Complexity and climate change -- American dreams, ecological nightmares and new visions -- Complexity and sustainability: wicked problems, gordian knots and synergistic solutions -- Conclusion. 
650 0 |a Complexity (Philosophy) 
650 0 |a Environmentalism. 
650 0 |a Biotic communities. 
650 0 |a Social systems. 
650 0 |a System theory. 
830 0 |a Routledge studies in ecological economics ;  |v 26. 
945 |a PromptCat  |b 38641 
946 |a stk 
947 |a A14835994778 
948 |a cataloged  |b h  |c 2012/10/5  |d c  |e dmitchel  |f 10:20:30 am 
994 |a 92  |b TXA 
999 |a MARS 
999 f f |s 97d94e0b-465c-3371-80d7-2818ec42582d  |i de7ec347-0eaa-39f2-8156-538b7a812e53  |t 0 
952 f f |p normal  |a Texas A&M University  |b College Station  |c Sterling C. Evans Library  |d Evans: Library Stacks  |t 0  |e Q175.32.C65 W45 2013  |h Library of Congress classification  |i unmediated -- volume  |m A14835994778 
998 f f |a Q175.32.C65 W45 2013  |t 0  |l Evans: Library Stacks